Хӑнты азбука (Запись № 10037326)

Подробности
000 -МАРКЕР
контрольное поле 01244nam0a2200301 4500
001 - ИДЕНТИФИКАТОР ЗАПИСИ
контрольное поле RU\NLR\BIBL_A\010474568
005 - ИДЕНТИФИКАТОР ВЕРСИИ
контрольное поле 20260406090606.0
010 ## - МЕЖДУНАРОДНЫЙ СТАНДАРТНЫЙ НОМЕР КНИГИ (ISBN)
Номер (ISBN) 978-5-09-019915-5
Тираж 588
021 ## - НОМЕР ГОСУДАРСТВЕННОЙ РЕГИСТРАЦИИ
Код страны Российская Федерация
Номер 2009-9662
Номер Листа государственной регистраци 563
035 ## - ДРУГИЕ СИСТЕМНЫЕ НОМЕРА
Идентификатор записи (NLR Aleph) 010474568
100 ## - ДАННЫЕ ОБЩЕЙ ОБРАБОТКИ
Данные общей обработки 20141009d2008 |||y0rusy50 ca
101 0# - ЯЗЫК РЕСУРСА
Язык текста, звукозаписи и т.д. хантыйский
102 ## - СТРАНА ПУБЛИКАЦИИ ИЛИ ПРОИЗВОДСТВА
Страна публикации Российская Федерация
105 ## - ПОЛЕ КОДИРОВАННЫХ ДАННЫХ: ТЕКСТОВЫЕ МАТЕРИАЛЫ, МОНОГРАФИЧЕСКИЕ
Кодированные данные о монографическом текстовом документе a||||||||||||
200 1# - ЗАГЛАВИЕ И СВЕДЕНИЯ ОБ ОТВЕТСТВЕННОСТИ
Основное заглавие Хӑнты азбука
Первые сведения об ответственности Е. А. Нёмысова
210 ## - ПУБЛИКАЦИЯ, РАСПРОСТРАНЕНИЕ И ДР.
Место издания, распространения и т.д. СПб.
Имя издателя, распространителя и т. д. Просвещение, СПб. отд-ние
Дата издания, распространения и т.д. 2008
215 ## - ФИЗИЧЕСКАЯ ХАРАКТЕРИСТИКА
Специфическое обозначение материала и объем [20] отд. л. в папке
Другие сведения о физической характеристике цв. ил.
Размеры 31
300 ## - ОБЩИЕ ПРИМЕЧАНИЯ
Текст примечания Описано по обл.
541 1# - ПЕРЕВОД ЗАГЛАВИЯ, СДЕЛАННЫЙ КАТАЛОГИЗАТОРОМ
Заглавие Хантыйская азбука в стихах (казымскмй диалект)
Сведения, относящиеся к заглавию наглядно-дидакт. пособие для 1-го кл. общеобразоват. учреждений
Язык заглавия русский
606 1# - НАИМЕНОВАНИЕ ТЕМЫ КАК ПРЕДМЕТ
Наименование темы Хантыйский язык
Формальный подзаголовок Буквари
Системный номер авторитетной/нормативной записи 1813518
Идентификатор авторитетной/нормативной записи RU\NLR\AUTH\66818361
686 1# - ИНДЕКСЫ ДРУГИХ КЛАССИФИКАЦИЙ
Индекс Ш9(2)6-Хан-7
686 1# - ИНДЕКСЫ ДРУГИХ КЛАССИФИКАЦИЙ
Индекс Ш166.512-920
700 #1 - ИМЯ ЛИЦА - ПЕРВИЧНАЯ ОТВЕТСТВЕННОСТЬ
Код отношения Автор
Материалы, к которым относится поле rus
Графика поля Кириллица
Начальный элемент ввода Немысова
Часть имени, кроме начального элемента ввода Е. А.
Даты 1936-
Расширение инициалов личного имени Евдокия Андреевна
Идентификатор авторитетной/нормативной записи RU\NLR\AUTH\7758480
Системный номер авторитетной/нормативной записи 41412
852 ## - МЕСТОНАХОЖДЕНИЕ И ШИФР ХРАНЕНИЯ
Идентификатор организации NLR
Наименование фонда или коллекции (Sub-Location Identifier) ОНЛ
Шифр хранения (Call Number) Хант./5-16
942 ## - ДОПОЛНИТЕЛЬНЫЕ ЭЛЕМЕНТЫ ЗАПИСИ (АБИС)
Тип экземпляра АБИС Книга
980 ## - КОЛЛЕКЦИЯ
Название коллекции Национальная библиография
Экземпляры
Тип экземпляра Дата поступления Источник поступления Библиотека постоянного хранения Библиотека текущего хранения Место хранения Шифр хранения Штрих-код Статус экземпляра
Книга 09.10.2014 Обязательный экземпляр РНБ (Московский) РНБ (Московский) Фонд национальных литератур ОНЛ Хант./5-16 1-383447